[Event "Chess Classics Giants"]
[Site "Frankfurt"]
[Date "1998.06.17"]
[Round "2"]
[White "Anand, Viswanathan"]
[Black "Kasparov, Garry"]
[Result "1-0"]
[WhiteElo "2770"]
[BlackElo "2825"]
[Annotator "Anand,V"]
[PlyCount "77"]
[EventDate "1998.06.17"]
[EventType "tourn (rapid)"]
[EventRounds "6"]
[EventCountry "GER"]
[EventCategory "22"]
[SourceTitle "CBM 065"]
[Source "ChessBase"]
[SourceDate "1998.08.06"]
[SourceVersion "1"]
[SourceVersionDate "1998.08.06"]
[SourceQuality "1"]

{Kasparov had lost against Vlady in the first round, so I could imagine that
he was in a particularly aggressive state.} 1. e4 c5 2. Nf3 d6 3. d4 cxd4 4.
Nxd4 Nf6 5. Nc3 a6 6. Be3 Ng4 {Kasparov played 6...e5 all the time against
Topalov in Leon. Maybe the presence of the computer-second influenced his
choice. He has experimented with all the main-lines (6...e6,6...e5 and 6...Ng4)
, but he almost always plays 6...Ng4 against me.} 7. Bg5 h6 8. Bh4 g5 9. Bg3
Bg7 10. Be2 {In Linares, I played 10.Qd2 here, but here I wanted to try
something else.} h5 11. Bxg4 Bxg4 12. f3 Bd7 13. Bf2 Nc6 14. Qd2 Ne5 15. b3 $1
{In Geneva, I castled twice. Thereafter, presumably under the influence of
these games, I looked elsewhere for White's advantage. Peter Leko pointed this
out to me and we soon realized that White is in very good shape here.} e6 16.
Nde2 $1 Rc8 {An important moment - if you wonder later in the game why Black
can't simply castle on the queenside!} 17. Bd4 {Neutralizing Black's "Dragon
bishop"} b5 18. Nd1 $3 {The reason White shouldn't castle too early. The
knight is superbly placed on e3. Against Kamsky (our 9th match game in Las
Palmas, I executed a similar manoeuvre - but the knight went from e3 to c3 via
d1.) Here the reverse manoeuvre, but I was equally pleased.} Rg8 {Perhaps
Black should have started with a5-a4 as then White would not have the option
of playing cxb3, but I don't think this improves Black's prospects.
Incidentally, Black's king is stuck on e8 for the rest of the game.} 19. Ne3 a5
20. O-O-O a4 21. Kb1 axb3 22. cxb3 {Helpful to have the c-file open, but 22.
axb3 was also good for White.} Ra8 23. Bc3 Ra6 24. Nc2 {Now Nb4 threatens to
force the rook to b6, so his next move if forced.} Bf8 25. Nb4 Ra8 26. Nd4 Be7
27. Rhe1 Qc8 28. Bb2 Qb7 29. Ndc2 $6 {Just enjoying the position.} f6 30. Nd4
$1 {Correcting my last move - if Black had a little more time, he could
consolidate.} h4 (30... Kf7 31. g3 {/\ f4}) 31. g3 g4 32. f4 Nf3 33. Nxf3 gxf3
34. f5 $1 {Once the knight gets to d5...} hxg3 35. hxg3 Rxg3 36. Qh2 $1 Rg5 (
36... Rg7 37. Qh5+) 37. Bc1 Rg7 38. Qh5+ (38. Qh8+ {Is also interesting, but I
wanted to keep it simple.}) 38... Rf7 39. Qxf3 {Kasparov didn't want to look
at his position anymore. However, his resignation needs to be explained.} (39.
Qxf3 exf5 {This is the only move.} 40. Nd5 fxe4 41. Rxe4 $1 (41. Qxe4 Bc6 $13)
41... Bc6 42. Rxe7+ $1 Rxe7 43. Nxf6+ Kd8 44. Rxd6+ Kc7 45. Qf4 $1 $18 {
Black's king is too exposed to survive and the opposite colored bishops make
it worse.}) 1-0

[Event "Dortmund SuperGM 26th"]
[Site "Dortmund"]
[Date "1998.06.28"]
[Round "3"]
[White "Svidler, Peter"]
[Black "Anand, Viswanathan"]
[Result "1/2-1/2"]
[WhiteElo "2690"]
[BlackElo "2770"]
[Annotator "Lukacs,P"]
[PlyCount "59"]
[EventDate "1998.06.26"]
[EventType "tourn"]
[EventRounds "9"]
[EventCountry "GER"]
[EventCategory "18"]
[SourceTitle "CBM 066"]
[Source "ChessBase"]
[SourceDate "1998.09.30"]
[SourceVersion "1"]
[SourceVersionDate "1998.09.30"]
[SourceQuality "1"]

1. e4 e5 2. Nf3 Nf6 3. d4 Nxe4 4. Bd3 d5 5. Nxe5 Nd7 6. Nxd7 Bxd7 7. O-O Bd6 8.
c4 c6 9. cxd5 cxd5 10. Qh5 O-O 11. Qxd5 Bc6 12. Qh5 Bb4 {By this way Black can
avoid the 12...g6 13.Qh6 line, which is not dangerous at all.} (12... g6 {
is the main line, but the text move leads to the same positions with
transposition.}) 13. Be3 Re8 14. a3 g6 15. Qh3 (15. Qh6 Bf8) 15... Ba5 16. Rc1
h5 {This original move is against the white Q, which can easily be trapped now!
} (16... Rc8 {See Svidler-Yusupov, CBM 66}) (16... Qd6) 17. Nc3 Bd7 18. Qf3 Bg4
19. Qf4 Bxc3 ({The consequent} 19... g5 $5 {forces the positional Q sacrifice,
after which Black's position is ugly but perhaps better than it looks at first
sight.} 20. Qxe4 Rxe4 21. Nxe4 f6 22. Nc5 (22. d5 {/\ Bd4 is parried by} Bf5
23. Bd4 Bxe4 24. Bxe4 Bb6) (22. Rc5 {brings the R immediately into the battle
without any success:} Bb6 23. Rd5 Qe7 24. Rd6 Rf8) 22... Qe7 23. Be4 $44) (
19... Bc7 20. Qh6 $40) 20. Bxe4 (20. bxc3 $2 {is already answered by} g5 (20...
g5 {Poldauf} 21. Qxe4 Rxe4 22. Bxe4 $16 f5 $8 23. Bxb7 Rb8 24. Ba6 f4 $132))
20... Bxb2 21. Rc7 (21. Bxb7 $2 Bxc1 22. Rxc1 Rb8 {/\} 23. Rc7 Qd5 $1 $19)
21... Be6 (21... Re7 $6 {allows White to continue the ->:} 22. Rxe7 Qxe7 23.
Rb1 Qxa3 (23... Bxa3 24. Rxb7) 24. Qf6 $40 {/\ Bxg6}) 22. Rb1 Bxa3 {[#]
Surprisingly enough White has no decisive blow here, although the position
looks precarious for Black at first sight.} 23. Bxg6 $1 {This nice sacrifice
is not enough for a win.} (23. Rbxb7 Bd6) (23. Rcxb7 Bd5 (23... Bd6 24. Qf3 a5
$5 (24... Ba2 25. Bc6 (25. R1b2 Rxe4 $1 26. Qxe4 Bd5) 25... Re7 26. Rxe7 Bxe7
27. Ra1 $14)) 24. Bxg6 {pushes too hard, for example:} fxg6 25. Qh6 Bf7 26.
Rxf7 Kxf7 27. Qh7+ Kf6 28. Rb5 Rxe3 $19) 23... fxg6 24. Rbxb7 Re7 $1 {Black's
defence is on the top.} (24... Bf8 $2 {[#]} 25. Qxf8+ $3 $18) (24... Be7 $2 25.
Qe5 Qd5 26. Rxe7 Qxe5 27. dxe5 Rxe7 28. Rxe7 $18) 25. Rxe7 (25. Qf6 Rxc7 26.
Qxg6+ (26. Qxe6+ Kh7 $19) 26... Kf8 27. Bh6+ Ke7 28. Bg5+ Kd7 $17) 25... Bxe7
26. Qe4 Bf5 27. Qxe7 Qxe7 28. Rxe7 a5 {This remote o^ secures Black the draw
in the _|_.} 29. Bc1 Rd8 30. Be3 1/2-1/2

[Event "Villarrobledo op"]
[Site "Villarrobledo"]
[Date "1998.08.23"]
[Round "9"]
[White "Anand, Viswanathan"]
[Black "Chernin, Alexander"]
[Result "1/2-1/2"]
[WhiteElo "2795"]
[BlackElo "2610"]
[PlyCount "20"]
[EventDate "1998.08.??"]
[EventType "swiss (rapid)"]
[EventRounds "9"]
[EventCountry "ESP"]
[SourceTitle "EXT 1999"]
[Source "ChessBase"]
[SourceDate "1998.11.16"]
[SourceVersion "1"]
[SourceVersionDate "1998.11.16"]
[SourceQuality "1"]

1. e4 d6 2. d4 Nf6 3. Nc3 g6 4. Nf3 Bg7 5. Be2 O-O 6. O-O Bg4 7. h3 Bxf3 8.
Bxf3 Nc6 9. Ne2 Nd7 10. c3 e5 1/2-1/2

[Event "Tilburg Fontys"]
[Site "Tilburg"]
[Date "1998.10.29"]
[Round "6"]
[White "Anand, Viswanathan"]
[Black "Adams, Michael"]
[Result "1-0"]
[WhiteElo "2795"]
[BlackElo "2715"]
[Annotator "Golod,V"]
[PlyCount "63"]
[EventDate "1998.10.23"]
[EventType "tourn"]
[EventRounds "11"]
[EventCountry "NED"]
[EventCategory "18"]
[SourceTitle "EXT 1999"]
[Source "ChessBase"]
[SourceDate "1998.11.16"]
[SourceVersion "1"]
[SourceVersionDate "1998.11.16"]
[SourceQuality "1"]

1. d4 Nf6 2. c4 e6 3. Nf3 b6 4. Nc3 Bb4 5. Qc2 Bb7 6. a3 $5 {Is the main line,
other alternatives are:} (6. Bg5 $5) (6. Bd2 $5) ({Dubious:} 6. g3) ({and} 6.
e3) 6... Bxc3+ 7. Qxc3 O-O $5 {Is the main move.} ({Black has several options:
} 7... a5 $5 8. b3 O-O (8... d6 $5 9. Bb2 Nbd7 10. e3 O-O 11. Be2 Ne4 12. Qc2
f5 13. O-O Ng5 $11 {1/2-1/2 Bykhovsky,A-Kuzmin,G/Irkutsk 1983/MCD (19)}) 9. Bb2
(9. e3 $5 d6 10. Bd3 Nbd7 11. Bb2 Qe7 12. O-O Ne4 13. Qc2 f5 14. Ne1 $14 {
0-1 Polugaevsky,L-Speelman,J/London 1984/MCL (32)}) 9... c5 10. e3 Na6 11. Be2
Ne4 12. Qd3 d5 13. O-O a4 {1/2-1/2 Chekhov,V-Kurajica,B/Banja Luka 1983/MCL 
(36) +/=/=}) (7... c5 $6 8. dxc5 bxc5 9. e3 O-O 10. Be2 Ne4 11. Qc2 d6 12. O-O
Nd7 13. b3 Qe7 14. Bb2 $14 {1-0 Frias,V-Burger,K/New York 1983/MCD (55)}) (7...
Nc6 $5 8. e3 Ne7 9. Bd3 Be4 10. Be2 O-O 11. O-O c6 12. b3 h6 13. Bb2 Bh7 14.
Nd2 Rc8 15. b4 d5 {1/2-1/2 Razuvaev,Y-Gurgenidze,B/Riga 1985/URS-ch (28) +/=/=}
) ({Also was checked repeatedly in the previous games:} 7... Ne4 $5) ({and} 
7... d6 $5) 8. Bg5 $5 ({Besides,white has two principales moves:} 8. g3 $5) (8.
e3 $5) ({and also:} 8. b4) 8... h6 $5 ({Another alternative:} 8... d6 $5) 9.
Bh4 c5 $5 (9... d6 $5 {is the main move.}) ({Dubious:} 9... g5 10. Bg3 Ne4 11.
Qc2 f5 12. e3 d6 13. O-O-O (13. Nd2 $143 Nxg3 14. hxg3 Qf6 15. O-O-O Nd7 16.
Rh2 c5 $11 {1/2-1/2 Hillarp Persson,T-Stefansson,H/Reykjavic 1997/CBM 62 ext 
(30)}) 13... Nd7 14. Bd3 Qe7 15. Ne1 Kg7 16. f3 Nxg3 17. hxg3 c5 18. Qc3 $14 {
1-0 Taimanov,M-Parma,B/URS 1964/MCD (58)}) 10. Rd1 $5 $146 ({Worse is:} 10.
dxc5 bxc5 11. Bxf6 Qxf6 12. Qxf6 gxf6 13. O-O-O Rc8 14. e3 Kf8 15. Be2 Ke7 $11
{0-1 Knechtel,R-Menacher,M/GER 1992/EXT 99 (40)}) ({and} 10. e3 cxd4 11. Nxd4
Nc6 12. Nxc6 Bxc6 13. Bd3 d6 14. O-O g5 15. Bg3 Nh5 16. Rad1 Nxg3 17. fxg3 {
1/2-1/2 Chabanon,J-Mednis,E/Cannes 1992/TD (17)}) 10... Ne4 $5 ({Badly:} 10...
g5 11. Bg3 Ne4 12. Qc2 {[%csl Rg8] and white has a big advantage.}) 11. Qc2 (
11. Bxd8 $2 Nxc3 12. bxc3 $8 (12. Rd3 $2 Na4 $17) (12. Rc1 $2 Nxe2 13. Bxe2
Rxd8 $17) 12... Rxd8 13. e3 $15) 11... Qe8 $5 {/\f5(><e4)} ({Can be
recommended:} 11... Qc7 12. d5 $5 (12. e3 $5) 12... exd5 13. cxd5 Re8 14. e3 b5
$1 $13) 12. e3 f5 ({Possibly:} 12... d6 {with the idea:f5,Nd7-f6}) 13. Be2 (13.
Bd3 $5 {/\0-0,Ne1,f3}) 13... Nc6 $6 (13... d6 $5 {[%cal Gb8d7,Gd7f6]}) 14. dxc5
$1 $14 bxc5 (14... Nxc5 $143 15. O-O Ne4 16. Nd2 {and white has a positional
advantage.}) 15. Nd2 Ne5 (15... Ne7 $5 16. Bf3 {[%csl Re4]} Nxd2 17. Bxb7 Rb8
18. Rxd2 Rxb7 19. Bg3 $14 {[%cal Gg3b8]}) 16. Nxe4 Bxe4 (16... fxe4 $143 17.
O-O {+/=/+/-}) 17. Qc3 Ng6 $6 (17... Bxg2 $4 18. Rg1 {[%csl Rg8]} Nf3+ $140 19.
Bxf3 Bxf3 20. Qxg7#) (17... Nf7 $142 18. O-O $14) 18. Bh5 $1 {[%csl Re8,Rg6]
[%cal Gh5e8,Gh4d8]} f4 ({Badly:} 18... Rb8 {because:} 19. f3 Bc6 20. Bg3 $16 {
[%cal Gg3b8] (diagonal g3-b8)}) (18... Bxg2 $4 19. Rg1 Nxh4 20. Bxe8 Rfxe8 (
20... Nf3+ 21. Ke2 Nxg1+ 22. Rxg1 $18) 21. Rxd7 Nf3+ $140 22. Kd1 $18) 19. f3
Rf5 $6 {Adams decides to go for dubious complications as his position is
already very unpleasant.} ({Better is:} 19... Bc6 20. e4 $16 {and white has a
strong pressure on the centre and king side.}) 20. Bxg6 ({Senseless:} 20. Rxd7
$6 Qxd7 21. Bxg6 Bd3 22. Bxf5 exf5 {and only+/=}) 20... Qxg6 21. fxe4 $1 ({
Worse is:} 21. O-O Bc6 22. e4 Rh5 23. Be7 Re8 24. Bd6 {+/=/+/-}) 21... Qxg2 (
21... Rh5 $2 22. Bf2 Qxg2 $140 $2 23. Rg1 $18 {[%csl Rg7]}) 22. Rf1 Rh5 $2 {
[%mdl 8192]} (22... Rf7 $142 23. e5 (23. Rxf4 $2 Rxf4 24. exf4 Qg1+ 25. Ke2 (
25. Kd2 $2 Qxh2+ {[%csl Rh4]}) 25... Qg4+ 26. Qf3 Qxh4 $13) 23... Raf8 $16 (
23... Qxh2 24. Bf2 $16)) 23. Rxf4 $1 {(/\Bg3)} Qg1+ (23... g5 24. Rd2 $5 (24.
Rf2 $5 Qh1+ 25. Ke2 Qxe4 26. Bg3 $18) 24... Qh1+ (24... Qh3 $143 25. Rxd7 e5
26. Qd3 $1 $18 {[%csl Rg8][%cal Gd3d5]}) 25. Rf1 Qxe4 26. Bg3 $18) 24. Ke2
Qxh2+ 25. Bf2 $18 e5 (25... Rd8 $144 26. Rg1 Rg5 27. Rh4 $18) 26. Rf3 ({
Also wins:} 26. Rxd7 {[%csl Rg7]} Rg5 27. Rf3 $1 (27. Rh4 $143 Qg2 28. Qd2 Rf8
29. Qd5+ Kh7 30. Rf7) 27... Qh5 {[%csl Rf3][%cal Ga8f8]} 28. Qd2 Rf8 29. Qd5+
Kh7 30. Rdf7 $18) 26... Rg5 27. Qd3 {[%csl Ra8,Rc5,Rd7,Rg8][%cal Gd3d5]} Rb8
28. Rd2 Qh5 29. Qxd7 Kh8 (29... Rf8 30. Qe6+ Kh7 31. Qh3 Qxh3 32. Rxh3 Rg2 33.
Rf3 $18) 30. Qh3 Qe8 31. Rf5 Rg6 32. Qf3 1-0

[Event "Haifa act"]
[Site "Haifa"]
[Date "1998.??.??"]
[Round "?"]
[White "Anand, Viswanathan"]
[Black "Gelfand, Boris"]
[Result "1-0"]
[WhiteElo "2795"]
[BlackElo "2675"]
[PlyCount "86"]
[EventDate "1998.11.??"]
[EventType "tourn (rapid)"]
[EventRounds "14"]
[EventCountry "ISR"]
[EventCategory "16"]
[SourceTitle "EXT 2002"]
[Source "ChessBase"]
[SourceDate "2001.11.25"]
[SourceVersion "1"]
[SourceVersionDate "2001.11.25"]
[SourceQuality "1"]

1. e4 c5 2. Nf3 d6 3. d4 cxd4 4. Nxd4 Nf6 5. Nc3 a6 6. Be3 e6 7. f3 b5 8. g4 h6
9. Qd2 Nbd7 10. O-O-O Bb7 11. h4 b4 12. Nb1 Qa5 13. Bh3 Ne5 14. b3 Rc8 15. a4
Nxf3 16. Nxf3 Bxe4 17. Nd4 Bxh1 18. Rxh1 Ne4 19. Qg2 d5 20. Nd2 Rc3 21. Re1 Qb6
22. Nf5 Bc5 23. Nxg7+ Kf8 24. Bf4 Nxd2 25. Nxe6+ fxe6 26. Bxd2 Ke7 27. g5 Re3
28. Rf1 hxg5 29. Kb1 Kd6 30. Qh2+ Kc6 31. Bxe3 Bxe3 32. Qe5 Bd4 33. Qxe6+ Kc5
34. Qe7+ Qd6 35. Qxg5 Qe5 36. Bf5 Rf8 37. Ka2 Qe3 38. Qg4 Qc3 39. Rb1 Re8 40.
Bd3 Kd6 41. Qg6+ Re6 42. Qg8 Bf6 43. Qf8+ Kc7 1-0

[Event "Haifa act"]
[Site "Haifa"]
[Date "1998.??.??"]
[Round "?"]
[White "Anand, Viswanathan"]
[Black "Polgar, Judit"]
[Result "1-0"]
[WhiteElo "2795"]
[BlackElo "2665"]
[PlyCount "96"]
[EventDate "1998.11.??"]
[EventType "tourn (rapid)"]
[EventRounds "14"]
[EventCountry "ISR"]
[EventCategory "16"]
[SourceTitle "EXT 2002"]
[Source "ChessBase"]
[SourceDate "2001.11.25"]
[SourceVersion "1"]
[SourceVersionDate "2001.11.25"]
[SourceQuality "1"]

1. Nf3 Nf6 2. c4 g6 3. Nc3 Bg7 4. e4 d6 5. d4 O-O 6. Be2 e5 7. O-O Na6 8. Re1
c6 9. Bf1 Qe8 10. h3 Nh5 11. Rb1 Bd7 12. b4 exd4 13. Nxd4 Qe5 14. Be3 Rad8 15.
Nde2 Qe6 16. Qb3 Ra8 17. Rbd1 Rfe8 18. g4 Nf6 19. Bg2 h5 20. g5 Nh7 21. f4 b5
22. cxb5 Qxb3 23. axb3 Nxb4 24. Rxd6 Nc2 25. Rxd7 Nxe1 26. bxc6 Nxg2 27. Kxg2
Nf8 28. Rd6 Ne6 29. Nd5 a5 30. e5 a4 31. bxa4 Rxa4 32. Nec3 Rc4 33. Nb5 Rb8 34.
Nb6 Nxf4+ 35. Kf3 Rxb6 36. Bxb6 Bxe5 37. c7 Bxd6 38. Nxd6 Rxc7 39. Bxc7 Ne6 40.
Ba5 Nxg5+ 41. Kg3 Ne6 42. Ne4 Kf8 43. Bb4+ Kg7 44. Bc3+ Kh6 45. Nd6 f5 46. Nf7+
Kh7 47. h4 Kg8 48. Ng5 Nc7 1-0

[Event "EU-Cup 14th final"]
[Site "Belgrade"]
[Date "1999.01.13"]
[Round "3"]
[White "Alterman, Boris"]
[Black "Anand, Viswanathan"]
[Result "1/2-1/2"]
[WhiteElo "2615"]
[BlackElo "2795"]
[Annotator "Alterman,B"]
[PlyCount "35"]
[EventDate "1999.01.11"]
[EventType "team-k.o."]
[EventRounds "3"]
[EventCountry "YUG"]
[SourceTitle "EXT 2020"]
[Source "ChessBase"]
[SourceDate "2019.10.17"]
[SourceVersion "1"]
[SourceVersionDate "2019.10.17"]
[SourceQuality "1"]
[WhiteTeam "Petah-Tikva Elitzur"]
[BlackTeam "Zemun Agrouniverzal"]
[WhiteTeamCountry "ISR"]
[BlackTeamCountry "SRB"]

1. d4 {Huzman} d5 2. c4 dxc4 3. e3 Nf6 4. Bxc4 e6 5. Nf3 c5 6. O-O a6 7. Bb3
cxd4 8. exd4 Nc6 9. Nc3 Be7 10. a3 O-O 11. Re1 b5 $5 (11... Qd6 12. g3 Nd5 13.
Nxd5 exd5 14. Ne5 Be6 15. Bf4 Nxe5 16. dxe5 Qb6 17. Bc2 Rac8 18. Qd2 {1/2-1/2
Hansen,C-Degerman,L/Sigeman Malmoe SWE 1998}) (11... Qa5 12. Bd2 Qh5 13. Bg5 $1
{/\ Ne2-g3} h6 $8 14. Bxf6 Bxf6 15. Ne4 Be7 16. Rc1 {/\ 17.d5 ed5 18.Ng3 Qg6
19.Rc6} (16. d5 $5 exd5 17. Ng3 Qg6 18. Bxd5 $36) 16... Qa5 $8 17. Rc3 $1 {
1/2-1/2 Sokolov,I-Korchnoi,V/Antwerpen 1997/Inf 70/[Sokolov,I] (45)}) (11...
Na5 12. Bc2 (12. Ba2 b5 13. d5 exd5 14. Nxd5 Nxd5 15. Qxd5 Bb7 16. Qxd8 Bxd8
17. Ne5 Bc7 18. Bd2 Bxe5 19. Rxe5 Nc4 20. Bxc4 bxc4 21. Bb4 Rfe8 22. Rae1 Rxe5
23. Rxe5 Rd8 24. f3 f6 25. Re7 Bc6 26. Rc7 Bb5 27. Kf2 {1/2-1/2 Arencibia,
W-Nogueiras,J/Carlos Torre mem, Merida MEX 1997}) 12... b5 13. Qd3 Bb7 14. Bg5
g6 15. Ne5 Rc8 16. Rad1 Nc4 (16... Nd5 17. Bh6 Nxc3 18. bxc3 Qd5 19. f3 Rfe8
20. a4 b4 21. cxb4 Bxb4 22. Ng4 Qd8 23. Bd2 $36 {1-0 Gurieli,N-Giertz,N/Open,
Biel SUI 1998 (43)}) 17. Nxc4 bxc4 18. Qh3 Nd5 19. Bh6 Re8 20. Ne4 Qb6 (20...
Nf6 21. Ng5 Qb6 22. Ba4 Red8 23. Nxe6 fxe6 24. Rxe6 Qc7 25. Rde1 Bf8 26. Rxf6
Bxh6 27. Qxh6 Rxd4 28. Rfe6 Qf7 29. Re7 {1-0 Sosnicki,M-Hnydiuk,A/ch-POL,
Ksiaz POL 1998}) 21. Bc1 f5 22. Nc3 Bf6 23. Nxd5 exd5 24. Qg3 Bxd4 25. Bxf5
Bxf2+ 26. Qxf2 Qxf2+ 27. Kxf2 gxf5 28. Rxe8+ Rxe8 29. Rd4 {1/2-1/2 Sokolov,
I-Hansen,C/Sigeman Malmoe SWE 1998}) 12. d5 exd5 13. Nxd5 Nxd5 14. Bxd5 (14.
Qxd5 {Huzman} Bb7 (14... Na5 15. Qxa8 Nxb3 16. Ra2 Be6 17. Qxd8 Rxd8 18. Bg5
Bxg5 19. Nxg5 Bc4 $44) 15. Qh5 Qd3 $1 16. Ba2 Qg6 17. Qxg6 hxg6 18. Bg5 Bf6 19.
Bxf6 gxf6 20. Rad1 Rad8 21. b4 $14) 14... Bb7 15. Bf4 $1 Bf6 16. Ne5 (16. Bd6
$5 {[%csl Gf7]}) (16. Rc1 Rc8 (16... Qd7 {Huzman} 17. Bxc6 (17. Be4 Qxd1 18.
Rexd1 Rfd8 19. Rxd8+ Rxd8 $1 $11 (19... Nxd8 20. Bxb7 Nxb7 21. b4 $14 {[%csl
Rb7]})) 17... Bxc6 18. Qxd7 Bxd7 19. Be5 $14 {/=}) 17. b4 (17. Rc2 Nd4 $1 18.
Rxc8 Bxc8 $15) (17. Ne5 Nxe5 (17... Bxe5 18. Bxe5 Nxe5 19. Rxc8 Qxc8 20. Bxb7
Qxb7 21. Rxe5 $11) 18. Bxb7 Rxc1 19. Bxc1 Nd3 $11) (17. Bd6 Re8 $11) 17... Qd7
18. Be4 $14) (16. Re2 Qd7 $1 17. Rd2 Qf5 18. Be3 Rac8 $11) (16. Bd6 {Huzman}
Re8 (16... Bxb2 17. Rb1 Bc3 18. Re3 $16) 17. Bxf7+ Kxf7 18. Qd5+ Kg6 19. g4
Rxe1+ (19... Ne5 20. Nxe5+ Bxe5 21. Qd3+ Kf7 22. Qb3+ Kg6 23. Bxe5 $16) 20.
Rxe1 h6 21. Qf5+ Kf7 22. Qe6+ Kg6 $11) 16... Nxe5 (16... Bxe5 17. Bxe5 Re8 18.
Bc3 $14) 17. Bxb7 Ra7 {'=' Huzman.} 18. Bxe5 (18. Be4 Ng6 (18... Qxd1 19. Raxd1
Re7 20. Bd2 Rfe8 21. Bb4) (18... Nc4 $5 19. Qc2 Bxb2 $13 20. Bxh7+ Kh8 21. Rad1
Qf6) 19. Be3 Rd7 20. Qb3 $14) 1/2-1/2